The Small Matter of Suing Chevron.

Suzana Sawyer traces Ecuador's lawsuit against the Chevron corporation for the environmental devastation resulting from its oil drilling practices, showing how distinct legal truths were relationally composed of, with, and through crude oil.

Bibliographic Details
Main Author: Sawyer, Suzana.
Format: eBook
Language:English
Published: Durham : Duke University Press, 2022.
Edition:1st ed.
Subjects:
Online Access:Click to View
LEADER 01704nam a22003853i 4500
001 EBC30353060
003 MiAaPQ
005 20231204023229.0
006 m o d |
007 cr cnu||||||||
008 231204s2022 xx o ||||0 eng d
020 |a 9781478092612  |q (electronic bk.) 
020 |z 9781478017950 
035 |a (MiAaPQ)EBC30353060 
035 |a (Au-PeEL)EBL30353060 
035 |a (OCoLC)1370494124 
040 |a MiAaPQ  |b eng  |e rda  |e pn  |c MiAaPQ  |d MiAaPQ 
050 4 |a HD1531 
082 0 |a 345.86602450264 
100 1 |a Sawyer, Suzana. 
245 1 4 |a The Small Matter of Suing Chevron. 
250 |a 1st ed. 
264 1 |a Durham :  |b Duke University Press,  |c 2022. 
264 4 |c Ã2022. 
300 |a 1 online resource (417 pages) 
336 |a text  |b txt  |2 rdacontent 
337 |a computer  |b c  |2 rdamedia 
338 |a online resource  |b cr  |2 rdacarrier 
520 |a Suzana Sawyer traces Ecuador's lawsuit against the Chevron corporation for the environmental devastation resulting from its oil drilling practices, showing how distinct legal truths were relationally composed of, with, and through crude oil. 
588 |a Description based on publisher supplied metadata and other sources. 
590 |a Electronic reproduction. Ann Arbor, Michigan : ProQuest Ebook Central, 2023. Available via World Wide Web. Access may be limited to ProQuest Ebook Central affiliated libraries.  
655 4 |a Electronic books. 
776 0 8 |i Print version:  |a Sawyer, Suzana  |t The Small Matter of Suing Chevron  |d Durham : Duke University Press,c2022  |z 9781478017950 
797 2 |a ProQuest (Firm) 
856 4 0 |u https://ebookcentral.proquest.com/lib/matrademy/detail.action?docID=30353060  |z Click to View